32 meilleurs maestros de N'oubliez pas les paroles (NOPLP) - Statistiques

Statistiques générales
  • Ce quiz a été pris 69 fois
    2 depuis la dernière actualisation
  • Le résultat moyen est 10 sur 32
Statistiques - réponses
Rang Gains Victoires Parcours Réponse % Correct
1 746 000€ 111 Décembre 2024 - Février 2025 Benoît
100%
4 457 000€ 58 Octobre 2023 - Novembre 2023 Laurens
100%
2 530 000€ 59 Décembre 2019 - Février 2020 Margaux
100%
3 522 000€ 84 Mars 2026 - Mai 2026 Sandy
100%
29 220 000€ 16 Janvier 2021 - Janvier 2021 Alessandra
50%
5 416 000€ 56 Septembre 2021 - Octobre 2021 Caroline
50%
27 227 000€ 52 Mars 2019 - Avril 2019 Coralie
50%
12 361 000€ 45 Mai 2016 - Juin 2016 Hervé
50%
9 388 000€ 64 Novembre 2020 - Janvier 2021 Jennifer
50%
6 410 000€ 43 Juin 2018 - Juillet 2018 Kevin
50%
7 392 000€ 48 Décembre 2022 - Janvier 2023 Manon
50%
17 274 000€ 33 Avril 2020 - Mai 2020 Maureen
50%
30 213 000€ 26 Juillet 2019 - Juillet 2019 Micka
50%
8 391 000€ 55 Décembre 2019 - Janvier 2019 Renaud
50%
24 242 000€ 25 Mars 2016 - Mars 2016 Violaine
50%
31 212 000€ 16 Avril 2020 - Avril 2020 Arsène
0%
16 274 000€ 52 Septembre 2022 - Décembre 2022 Caroline
0%
11 366 000€ 59 Mars 2023 - Avril 2023 Charlotte
0%
19 272 000€ 61 Juillet 2024 - Septembre 2024 Coline
0%
21 266 000€ 27 Juillet 2023 - Août 2023 Etienne
0%
26 234 000€ 40 Mai 2021 - Juin 2021 Geoffrey
0%
15 297 000€ 29 Septembre 2020 - Novembre 2020 Jérémy
0%
23 252 000€ 44 Mars 2024 - Avril 2024 Karine
0%
14 309 000€ 39 Avril 2022 - Avril 2022 Kristofer
0%
13 358 000€ 65 Janvier 2023 - Mars 2023 Louis
0%
20 270 000€ 40 Décembre 2021 - Janvier 2022 Manon
0%
18 272 000€ 64 Août 2025 - Septembre 2025 Morgane
0%
28 221 000€ 32 Décembre 2023 - Décembre 2023 Morgiane
0%
10 245 000€ 43 Mars 2025 - Avril 2025 Natacha
0%
22 264 000€ 34 Juin 2022 - Août 2022 Natasha
0%
32 203 000€ 37 Août 2020 - Septembre 2020 Valérie
0%
25 241 000€ 52 Juin 2025 - Juillet 2025 Virginie
0%
Aucun quiz correspondant
Distribution des résultats
% des personnes avec chaque résultat
Percentile par nombre de réponses
Votre historique - résultats
Vous n’avez pas pris ce quiz depuis la dernière actualisation